LEADER 00787nam0-22002891i-450- 001 990006785920403321 005 20001010 035 $a000678592 035 $aFED01000678592 035 $a(Aleph)000678592FED01 035 $a000678592 100 $a20001010d--------km-y0itay50------ba 101 0 $aita 105 $ay-------001yy 200 1 $aLanguage in the news$ediscourse and ideology in the press$fRoger Fowler 210 $aLondon and New York$cRoutledge$d1993. 215 $aXII, 300 p.$d21 cm 676 $a302.23 700 1$aFowler,$bRoger$0165277 801 0$aIT$bUNINA$gRICA$2UNIMARC 901 $aBK 912 $a990006785920403321 952 $aXV IA 169$b22210$fFSPBC 959 $aFSPBC 996 $aLanguage in the news$9447502 997 $aUNINA DB $aGEN01